[Event "Beersheba 16th"]
[Site "Beersheba"]
[Date "1997.02.28"]
[Round "5"]
[White "Mikhalevski, Alexander"]
[Black "Rozentalis, Eduardas"]
[Result "1/2-1/2"]
[WhiteElo "2470"]
[BlackElo "2650"]
[Annotator "Mikhalevski,A"]
[PlyCount "109"]
[EventDate "1997.02.24"]
[EventType "tourn"]
[EventRounds "11"]
[EventCountry "ISR"]
[EventCategory "12"]
[SourceTitle "CBM 058"]
[Source "ChessBase"]
[SourceDate "1997.06.01"]
[SourceVersion "1"]
[SourceVersionDate "1997.06.01"]
[SourceQuality "1"]

1. d4 e6 2. c4 Nf6 3. Nf3 b6 4. Nc3 Bb7 5. a3 d5 6. Bg5 Be7 7. Qa4+ c6 8. cxd5
exd5 9. e3 O-O 10. Bd3 Nbd7 11. O-O (11. Rd1 h6 (11... b5 12. Qc2 h6 13. Bh4 a5
14. O-O Re8 15. Rfe1 b4 16. axb4 axb4 17. Na4 Ne4 18. Bxe7 Qxe7 19. Nd2 c5 $2 (
19... Ra5 $142) 20. Nxe4 c4 (20... dxe4 21. Bb5 cxd4 22. Rxd4 Rec8 23. Qd2 Ne5
24. Nb6 Qg5 25. Be2 Nf3+ 26. Bxf3 exf3 27. g3 $18) 21. Nec5 b3 22. Qd2 Bc6 23.
Nxd7 cxd3 24. Ndb6 Rxa4 25. Nxa4 Bxa4 26. Qxd3 $18 {1-0 Cebalo,M-Macanga,B/
Djakovo op 1994}) 12. Bf4 {[Cebalo,M]} Nh5 (12... Re8 13. O-O Bf8 14. Ne5 Nxe5
15. Bxe5 Nd7 (15... Ng4 16. Bf4 Bd6 17. Ne2 Bxf4 18. Nxf4 Qh4 19. h3 Nf6 20.
Rc1 $14 Ne4 21. Bxe4 Rxe4 22. Rxc6 Bxc6 23. Qxc6 Rd8 24. Nxd5) 16. Bg3 b5 17.
Qc2 a5 18. a4 (18. Ra1) 18... b4 19. Ne2 Qc8 (19... c5 $5) 20. Bh7+ Kh8 21. Bf5
Ba6 22. Rfe1 g6 23. Bh3 Bxe2 24. Rxe2 f5 25. f3 c5 26. e4 dxe4 27. fxe4 cxd4
28. exf5 Qxc2 29. Rxc2 gxf5 30. Bxf5 Nc5 31. Bf2 Nxa4 32. Bd7 d3 33. Rxd3 Nxb2
34. Bd4+ {1-0 Klauser,M-Almada,E/SWZ-ch 1993}) (12... a5 13. O-O b5 14. Qc2 b4
15. axb4 axb4 16. Na4 Qa5 17. b3 c5 18. Nxc5 Nxc5 19. dxc5 Bxc5 20. Be5 Ne4 21.
Ra1 (21. Qb2 f6 22. Ra1 Qb6 23. Bd4 $14) 21... Qb6 22. Rfc1 Rxa1 23. Bxa1 Ra8
24. Bxe4 $6 (24. Nd4 $14) 24... dxe4 $15 {0-1 Pelletier,Y-Rozentalis,E/Erevan
olm 1996}) 13. Bg3 a5 14. Bb1 Re8 15. Qc2 Nf8 16. O-O (16. Be5 {With an idea
of keeping B.}) 16... Nxg3 17. hxg3 Bf6 {Black's position seems OK, but this
is just a "mirage". White is preparing e3-e4, to move B to /^ a2-g8 and make
strong presure on f7.} 18. Rfe1 g6 19. e4 dxe4 (19... Ne6 {Not to open /^ a2-g8
}) 20. Nxe4 Bg7 21. Ba2 Rc8 (21... Ne6 22. Ne5 Nxd4 23. Rxd4 $1 Qxd4 24. Bxf7+
Kf8 25. Bxe8 Rxe8 26. Nxg6+ Kf7 27. Nf4 $18 c5 28. Ng5+ hxg5 29. Qg6+) 22. Ne5
Ne6 23. Qb3 $1 {with maximum presure on /^ a2-g8} Qc7 $8 {[#]} (23... Rc7 {Pb6}
) (23... Re7 24. Nxg6 fxg6 25. Nc3 $18) 24. Nxf7 $3 Qxf7 (24... Kxf7 25. Ng5+
$3 hxg5 26. Rxe6 $18) 25. Nd6 Qd7 26. Rxe6 Rxe6 27. Qxe6+ {1-0 Cebalo,M-Ilijin,
N/Bled op 1995.}) 11... h6 (11... Re8) 12. Bf4 a5 $6 (12... Nh5 13. Be5) 13.
Ne5 $5 (13. Qc2 b5 14. Ne5) 13... Nxe5 14. Bxe5 Nd7 15. Bg3 b5 $6 16. Qc2 b4
17. Na4 Ba6 18. Qe2 (18. Rfc1 $142 Bxd3 (18... Bb5 19. Bh7+ $1 Kh8 20. Bf5 $16)
19. Qxd3 $16) 18... Bxd3 19. Qxd3 Qc8 20. Rfc1 (20. axb4 axb4 21. b3 Qb7 22.
Rac1) 20... Qb7 21. axb4 axb4 22. b3 Rfc8 23. Rd1 $1 (23. Ra2 c5 $1) 23... Nf8
24. Rac1 Ne6 25. Rc2 Rd8 26. Rdc1 Rac8 27. h3 g6 28. Be5 Kh7 29. Qd1 $1 Rf8 30.
Nb2 f6 31. Bg3 Ng5 (31... c5 $2 32. dxc5 Nxc5 33. Nd3 $16 Nxd3 34. Rc7) 32. f3
Qd7 33. Nd3 Rfe8 34. h4 Nf7 35. Qe1 h5 36. Bf4 Qb7 37. Qg3 Bf8 38. Qh3 Nh6 $2 (
38... Qb5 39. Rd2 $14) (38... Bh6 39. Kf2 Qe7 40. Re2 $14) 39. Bxh6 $1 Bxh6 40.
f4 Kg7 41. Kf2 (41. Qf3) 41... Kf7 42. Nc5 Qe7 43. Qd7 $6 (43. Qf3 $16 {/\g3})
43... Rc7 44. Qh3 Qd6 45. Nd3 $1 Kg7 46. Rc5 Re4 47. Kg1 $5 (47. Nxb4 $2 Rxf4+
$1 48. Kg1 $13 (48. exf4 $2 Qxf4+ 49. Kg1 Qxd4+ 50. Kh1 Bxc1 51. Rxc1 Qxb4)) (
47. Qg3 $1 Re6 (47... Rce7 $2 48. Rxc6 Qb8 49. Ne5 $18) (47... Rc8 48. Nxb4 Rb8
49. Nd3 $1) 48. Nxb4 (48. Qf3 $5) 48... Rb7 49. Nxc6 Rxb3 50. R5c3 (50. R1c3 $2
Rb2+ 51. Kg1 Rb1+ 52. Kf2 $8 (52. Rc1 $2 Qxc5) (52. Kh2 $2 Rxe3) 52... Rb2+ $11
) 50... Qa3 51. Nd8 Re7 52. Rc7 Kh7 53. Ne6 Rb7 54. Qf3 Qa5 55. Rxb7 Rxb7 56.
Re1 Rb2+ 57. Re2 $16) (47. Qf3 Rce7 48. Rxc6 Qb8 $13) 47... Rce7 (47... Qe7 $1
48. Rxc6 $140 (48. Kf2 Qd6 49. Qg3 $1) 48... Rxc6 49. Rxc6 Rxe3 50. Qc8 Rxd3 $1
(50... Re1+ $2 51. Kh2) (50... Qf7 51. Ne5 fxe5 52. Rc7 Bxf4 53. Rxf7+ Kxf7 54.
Qd7+ Kf6 55. Qxd5 Bg3 56. dxe5+ Kg7 (56... Bxe5 57. Qd2 Rxb3 58. Qg5+ $18) 57.
Qd7+ Kh8 (57... Kh6 58. Qd2) 58. Qc8+ Kh7 59. Qc7+ Kh6 (59... Kh8 60. Qb8+ Kh7
61. Qa7+) 60. Qc1 Bf4 61. e6 Re4 62. Qc8 $18) 51. Rc7 Rd1+ 52. Kf2 Rd2+ $11)
48. Rxc6 Qb8 49. Qc8 (49. Rc8 $5 Qb6 (49... Qb5 50. Nf2 $1 $18 Rxe3 $140 51.
Qxe3 Rxe3 52. R1c7+) 50. R1c6 Qxc6 $1 51. Rxc6 Rxe3 52. Qxe3 $1 Rxe3 53. Nxb4
$16) 49... Qb5 (49... Qxc8 50. Rxc8 Rxe3 51. R8c7 $16) 50. Nc5 Rxe3 51. Ne6+
Kf7 (51... Kh7 52. Rc7 $18) 52. Nd8+ Kg7 53. Ne6+ Kf7 54. Nd8+ $138 (54. f5 $1
gxf5 (54... Rg3 {/\Rg2} 55. Re1 $18) (54... Re2 55. fxg6+ $18) 55. Ng5+ $1 Kg7
(55... Bxg5 56. hxg5 $18) 56. Qxf5 Bxg5 57. hxg5 Re1+ 58. Kh2 Qb8+ 59. g3 $18)
54... Kg7 55. Ne6+ 1/2-1/2

[Event "Biel SKA"]
[Site "Biel"]
[Date "1996.07.30"]
[Round "8"]
[White "Miles, Anthony John"]
[Black "Tukmakov, Vladimir B"]
[Result "1-0"]
[WhiteElo "2630"]
[BlackElo "2580"]
[Annotator "Miles,A"]
[PlyCount "133"]
[EventDate "1996.07.22"]
[EventType "tourn"]
[EventRounds "11"]
[EventCountry "SUI"]
[EventCategory "16"]
[SourceTitle "CBM 055"]
[Source "ChessBase"]
[SourceDate "1996.12.01"]
[SourceVersion "1"]
[SourceVersionDate "1996.12.01"]
[SourceQuality "1"]

1. Nf3 Nf6 2. c4 b6 3. Nc3 Bb7 4. d4 e6 5. a3 g6 $5 6. g3 Bg7 (6... Bxf3 $5) 7.
Bg2 Ne4 (7... O-O 8. O-O Ne4 9. Nxe4 Bxe4 10. Bg5 {/\ Qd2+/=}) 8. Nxe4 Bxe4 9.
Bg5 $5 (9. O-O) 9... Qc8 10. Qd2 h6 11. Be3 Nc6 {/\ Nc6-e7-f5} 12. Rc1 (12. d5
Na5 $1) 12... Ne7 13. g4 $5 Qb7 14. h3 f5 $2 (14... O-O-O $1 {/\ g5,f5 /=/+})
15. g5 $1 h5 (15... hxg5 16. Bxg5 Nc6 17. d5 $1 $36) 16. O-O d6 {/\ 17...e5}
17. Nh4 $1 {x g6} Bxg2 18. Nxg2 e5 19. f4 $1 {+/=/+/-} exd4 20. Bxd4 Bxd4+ 21.
Qxd4 O-O-O 22. Rf3 $1 {/\ 23.Re3} c5 23. Qf6 Rhf8 24. Qe6+ Qd7 25. Qxd7+ Rxd7 (
25... Kxd7) 26. Nh4 $1 $16 {>< g6} Rg8 27. Re3 $1 d5 28. Re6 $1 dxc4 29. Rxc4
Rd1+ 30. Kf2 Kd7 31. Rf6 $1 Rd6 32. Rf7 $1 Ke6 33. Rh7 Nc6 34. Rc3 $1 {/\ 35.
Re3} Rd4 35. Re3+ Kd6 36. Kg3 Rd2 37. Rf7 $18 Nd4 38. Rf6+ (38. Kf2 $18) 38...
Kd7 39. Nxg6 (39. Rf7+ {/\ 40.Kf2}) 39... Nxe2+ 40. Kh4 Rxg6 41. Rxg6 Nxf4 42.
Rg7+ Kd6 43. Rf3 Rd4 44. Rxf4 $1 Rxf4+ 45. Kxh5 $18 Rf2 46. Rf7 $2 (46. Rxa7
$18) 46... Rxb2 47. Rxf5 c4 48. h4 $1 c3 49. Rf3 c2 50. Rc3 Kd5 51. Kh6 $2 (51.
Kg6 $1) (51. g6 $2 Kd4 52. Rc8 Rb5+ {/\ 53...Rc5}) 51... Kd4 52. Rc8 Kd3 53. g6
Rb1 $4 (53... Rb3 $10) 54. g7 Rg1 55. h5 b5 56. Kh7 a5 57. g8=Q Rxg8 58. Kxg8
b4 59. h6 b3 60. h7 b2 61. h8=Q c1=Q 62. Qh7+ Kd4 63. Qg7+ Kd3 64. Qg6+ Kd4 65.
Qf6+ Kd3 66. Qf5+ Kd4 67. Rd8+ 1-0

[Event "EU-ch 5th"]
[Site "Antalya"]
[Date "2004.05.29"]
[Round "13"]
[White "Milov, Vadim"]
[Black "Parligras, Mircea Emilian"]
[Result "1-0"]
[WhiteElo "2680"]
[BlackElo "2549"]
[Annotator "Milov,V"]
[PlyCount "51"]
[EventDate "2004.05.15"]
[EventType "swiss"]
[EventRounds "13"]
[EventCountry "TUR"]
[SourceTitle "CBM 101"]
[Source "ChessBase"]
[SourceDate "2004.07.27"]
[SourceVersion "1"]
[SourceVersionDate "2004.07.27"]
[SourceQuality "1"]

1. d4 Nf6 2. c4 e6 3. Nc3 Bb4 4. Nf3 b6 5. Bg5 Bb7 6. Nd2 c5 7. d5 $1 $146 (7.
a3 cxd4 8. axb4 dxc3 9. bxc3 Qc7 10. Bxf6 gxf6 11. e3 a5 12. c5 $5 bxc5 13. b5
$44 {Milov,V-Moiseenko,A/Santo Domingo 2003}) 7... h6 8. Bh4 exd5 9. cxd5 Qe7 (
9... Bxc3 10. bxc3 Bxd5 (10... g5 11. Bg3 Nxd5 12. Nc4 $16) 11. e4 g5 12. exd5
(12. Bg3 $5) 12... gxh4 (12... Qe7+ 13. Be2 gxh4 14. O-O O-O 15. Bd3 $16) 13.
Qf3 $36) 10. Qc2 $1 (10. e3 Bxc3 11. bxc3 Bxd5 $15) 10... O-O (10... Bxc3 11.
bxc3 Bxd5 12. O-O-O Nc6 (12... O-O {-10...0-0}) 13. e4 Be6 14. Ba6 (14. f4 $2
g5 15. fxg5 Ng4 $17) 14... Rd8 15. Rde1 $36 {/\16.f4}) 11. O-O-O Bxc3 (11... d6
12. e4 Nbd7 13. f4 c4 $1 (13... g5 14. fxg5 Ng4 15. Nf3 Ne3 16. gxh6 $1 (16.
Qf2 Nxd1 17. Qg3 h5 18. g6 f6 19. Nxd1 Qxe4 20. Qxd6 $13) 16... f6 17. Qf2 Nxd1
18. Nxd1 $16) 14. Re1 Rac8 15. Nf3 $5 $14 (15. e5 dxe5 16. fxe5 Nxe5 17. Nxc4 (
17. Nf3 $2 Bd6) 17... Rxc4 18. Bxc4 Rc8 19. Bb3 Qd6 20. Bxf6 Qxf6 21. Kb1 Bxc3
22. bxc3 Qd6 $44) (15. Nxc4 b5 16. e5 dxe5 17. fxe5 g5 18. exf6 Qxf6 19. Bf2
bxc4 $13)) 12. bxc3 (12. Qxc3 g5 (12... Bxd5 13. e4 g5 14. Bxg5 hxg5 15. exd5
$36) 13. Bg3 Nxd5 $13) 12... Bxd5 (12... d6 13. e4 Nbd7 14. f4 (14. f3 $5 $14 {
/\15.Nc4}) 14... c4 (14... g5 15. fxg5 Ng4 16. Re1 hxg5 17. Bg3 Nge5 18. Nf3
$16) 15. Re1 Rac8 16. Nf3 (16. e5 $2 dxe5 17. fxe5 Nxe5 18. Nf3 Qa3+) 16...
Rfe8 17. Nd4 $14) 13. e4 Bc6 (13... Bb7 14. f4) 14. f4 d6 $6 (14... Qe6 15. Bc4
(15. Re1 $5 $36) (15. e5 Nd5 16. Bc4 b5) 15... d5 (15... Bxe4 16. Nxe4 Qxc4 17.
Bxf6 d5 18. Nd2 Qxf4 19. Rhf1 $16) 16. f5 Qd6 17. Bg3 (17. Bxf6 dxc4 $17) 17...
Qe7 (17... Qd7 18. exd5 Nxd5 19. Rhe1 b5 20. Bxd5 Bxd5 21. f6 Re8 22. Ne4 Qc6
23. Nd6 $16) 18. exd5 Nxd5 19. Rhe1 Qg5 20. Qd3 Nf4 21. Bxf4 Qxf4 22. Re7 $14 {
|^} Qg5 $140 23. f6 $1 Qxf6 24. Rxf7 Rxf7 25. Rf1) (14... g5 15. fxg5 Nxe4 (
15... Ng4 16. Qd3 hxg5 17. Qg3 f5 18. Bc4+ (18. exf5 gxh4 19. Qxg4+ Qg7) 18...
Kh8 19. h3 $1 $18) 16. Nxe4 (16. Bc4 $5 hxg5 17. Bg3 d5 18. Rhe1 $40) 16...
Bxe4 (16... Qxe4 17. Qf2 $40) 17. Qf2 hxg5 18. Qg3 f6 19. Bc4+ d5 (19... Kg7
20. Rhe1 Nc6 21. Bd5 Bxd5 22. Rxe7+ Nxe7 23. Bxg5 fxg5 24. Qxg5+ Kf7 25. Qh5+
$18 {->}) 20. Rxd5 Bxd5 21. Bxd5+ Kh8 22. Bxa8 gxh4 23. Qxh4+ Qh7 24. Qxh7+
Kxh7 25. Rd1 $16) 15. Re1 $16 {/\16.e5} g5 (15... Qe6 16. Bc4 Qg4 17. Bxf6 gxf6
18. Re3 Qxf4 19. Rg3+ Kh8 20. Rf1 Qh4 21. Rh3 Qg5 22. Rf5 Qxg2 23. Qd3 $18) (
15... Nbd7 16. e5 dxe5 17. fxe5 Nxe5 18. Nc4 $18) 16. fxg5 Nh7 17. Bg3 Nxg5 (
17... hxg5 18. e5) (17... Nd7 $142 18. gxh6 Ne5 $16) 18. h4 Ne6 19. Nc4 Rd8 20.
Ne3 Ng7 (20... Qf8 21. Nf5 d5 22. exd5 Bxd5 23. Qf2 $18 {->}) 21. Bc4 $1 $18 (
21. Nd5 Bxd5 22. exd5 Qf8 (22... Qf6 23. Bd3) 23. h5 $16) 21... Nd7 (21... Qxe4
22. Qf2 $1 d5 (22... Qg6 23. h5 Nxh5 24. Nf5) 23. Bb3 {/\24.Nd5} Qd3 24. Be5
Nd7 (24... Re8 25. Bc2 Qa6 26. Nf5) 25. Bxg7 Kxg7 26. Nf5+ Kf8 27. Rh3) (21...
b5 22. Bd5 (22. Nd5 Qe6) 22... Bxd5 (22... Qf8 23. Ng4) 23. Nxd5 Qe6 24. Nc7
Qg6 25. Qd3 $18) 22. Ng4 Rf8 (22... Ne5 23. Bxe5 dxe5 24. Ref1) 23. Nxh6+ Kh8
24. Qd2 Ne5 25. Bxe5 dxe5 (25... Qxe5 26. Nxf7+) 26. Ng4 {/\27.Qh6} 1-0

[Event "Biel SKA"]
[Site "Biel"]
[Date "1996.08.03"]
[Round "11"]
[White "Karpov, Anatoly"]
[Black "Romanishin, Oleg M"]
[Result "1-0"]
[WhiteElo "2775"]
[BlackElo "2555"]
[Annotator "Mowsziszian,K"]
[PlyCount "65"]
[EventDate "1996.07.22"]
[EventType "tourn"]
[EventRounds "11"]
[EventCountry "SUI"]
[EventCategory "16"]
[SourceTitle "CBM 055"]
[Source "ChessBase"]
[SourceDate "1996.12.01"]
[SourceVersion "1"]
[SourceVersionDate "1996.12.01"]
[SourceQuality "1"]

1. d4 Nf6 2. c4 e6 3. Nf3 b6 4. a3 Bb7 5. Nc3 g6 6. Qd3 Bg7 (6... d5 7. cxd5
exd5 8. g3 Bg7 9. Bg2 O-O 10. O-O Ne4 11. Qc2 Nd7 12. Rd1 c5 13. Be3 Rc8 14.
Rac1 cxd4 15. Bxd4 Bxd4 16. Nxd4 Nxc3 17. bxc3 Qe7 18. Qa4 a6 19. Qb4 Qxb4 20.
cxb4 Ne5 21. b5 axb5 22. Nxb5 Rxc1 23. Rxc1 {Cvitan,O-Kortschnoj,V/SUI-chT (07)
;EXP 49 1995/1/2-1/2 (40)}) 7. e4 d6 (7... d5 8. cxd5 exd5 9. e5 Ne4 10. h4 h6
11. Be3 Nd7 12. Nd2 Nxc3 13. bxc3 Nf8 14. h5 g5 15. Be2 Qd7 16. a4 a5 17. Nf1
Ba6 18. Qc2 Bxe2 19. Qxe2 Ne6 20. Ng3 O-O 21. Nf5 f6 22. exf6 Rxf6 {Cebalo,
M-Romanishin,O/Linares op ;EXP 51 1996/1/2-1/2 (36)}) 8. Be2 O-O 9. O-O Nbd7
10. Qc2 (10. Rd1 c5 11. e5 dxe5 12. dxe5 Bxf3 $1 13. exf6 Bxe2 14. Qxd7 Bxd1)
10... c5 (10... d5 11. cxd5 exd5 12. e5 Ne4 13. Nxe4 dxe4 14. Ng5 $36) 11. d5
e5 (11... Qe7 12. Re1 a6 13. Bf1 Ne8 14. Bg5 Bf6 15. Bxf6 Nexf6 16. Qd2 e5 17.
g3 Rac8 18. Nh4 Nh5 19. Rab1 Rc7 20. Na4 Rb8 21. b4 Bc8 22. bxc5 Nxc5 23. Nxb6
Rcb7 24. Nxc8 Rxc8 25. Rb4 Rcb8 26. Qc3 {Oll,L-Romanishin,O/Erevan olm (09) ;
EXT 96ch2 1996/1/2-1/2 (47)}) 12. g3 Nh5 13. Ne1 (13. Nh4 $2 Nf4 $132) 13...
Ndf6 14. Ng2 {/\ 15.g3-g4} Bc8 15. b4 Qd7 16. bxc5 bxc5 17. Rb1 Qh3 18. Nb5 $1
Qd7 (18... Nxe4 19. Rb3 $1 (19. Qxe4 Bf5) 19... Bf5 (19... Qf5 20. g4 $18) 20.
Qd1 $1 {/\ 21.g4+-}) (18... Ne8 19. Rb3 $1 {/\g3-g4} Bg4 (19... Qd7 20. g4 Nhf6
21. g5 $14) 20. f3 Bd7 21. g4 $16) 19. Bd2 {/\ 20.Ba5} a6 (19... Qe7 20. Ba5
Rb8 21. Bc7 $2 (21. Nc7 Bh3) 21... Rxb5) 20. Nc3 Qh3 21. Na4 {/\ 22.Nb6; /\ 22.
Rb3} Ng4 22. Bxg4 Bxg4 (22... Qxg4 23. f3 Qh3 24. Nb6 Ra7 25. Nxc8 Rxc8 26. Rb6
) 23. f3 Nf6 $1 24. Bg5 (24. fxg4 Nxg4 25. Rf2 Qxh2+ 26. Kf1 Nxf2 27. Kxf2 f5
$19) (24. Rb3 Bxf3 25. Rbxf3 Ng4 26. R1f2 Qxh2+ 27. Kf1 Rab8 $17) 24... Bd7 25.
Rb6 (25. Nb6 Rab8 26. Rb3 Rb7 27. Rfb1 Rfb8 $14) 25... Rab8 $1 26. Rfb1 (26.
Rxd6 $2 Bxa4 27. Qxa4 Rb2 28. Rf2 Rfb8 $132) (26. Rxa6 $2 Ra8 $1) 26... Rxb6
27. Nxb6 (27. Rxb6 $6 Qh5 28. Bxf6 Bxa4 29. Qxa4 Bxf6 30. Rxd6 Qxf3 31. Rxa6
Bg5 32. Qc2 $14) 27... Rb8 28. Rb3 $1 Ne8 (28... Be8 $140 $2 29. Bxf6 Bxf6 30.
Nd7 $1) 29. Ne1 $1 {/\ Ne1-d3-f2} (29. g4 $2 Rxb6 30. Rxb6 Qxf3) 29... Rb7 (
29... Bf6 $2 30. Nxd7 Rxb3 31. Nxf6+ $18) 30. Nd3 Qh5 31. Nxd7 Rxd7 $6 (31...
Rxb3 32. Qxb3 Qxg5 33. Qb8 Qe7 $8 34. Qc8 Bh6 35. Nb8 Kf8 36. Nxa6 $1 Qa7 (
36... Qf6 $2 37. Nc7) 37. Qc6 $1 $18) 32. h4 $1 $18 {/\g4} Qxf3 (32... f5 33.
g4 $5 fxg4 34. Rb8 gxf3 35. Nf2 Kf7 36. Qa4 $18) 33. Nf2 $1 (33. Nf2 $1 Qh5 34.
g4 $18) 1-0

[Event "Vienna Millenium"]
[Site "Vienna"]
[Date "1996.08.12"]
[Round "4"]
[White "Karpov, Anatoly"]
[Black "Kortschnoj, Viktor Lvovich"]
[Result "1-0"]
[WhiteElo "2775"]
[BlackElo "2635"]
[Annotator "Mowsziszian,K"]
[PlyCount "83"]
[EventDate "1996.08.09"]
[EventType "tourn"]
[EventRounds "9"]
[EventCountry "AUT"]
[EventCategory "18"]
[SourceTitle "CBM 055"]
[Source "ChessBase"]
[SourceDate "1996.12.01"]
[SourceVersion "1"]
[SourceVersionDate "1996.12.01"]
[SourceQuality "1"]

1. d4 Nf6 2. c4 e6 3. Nf3 b6 4. a3 Bb7 5. Nc3 d5 6. Bg5 Be7 7. Qa4+ c6 8. cxd5
$6 Nxd5 (8... exd5 9. g3 O-O 10. Bg2 Nbd7 11. O-O a5 (11... Re8 12. Rfd1 Bd6
13. e4 dxe4 14. Ne5 Qc7 15. Nxd7 Nxd7 16. Nxe4 h6 17. Bd2 f5 18. Nxd6 Qxd6 19.
Rac1 Rec8 20. Bf4 Qf6 21. Re1 Kh8 22. h4 b5 23. Qb4 Re8 24. d5 a5 25. Rxe8+
Rxe8 26. Qxa5 cxd5 27. Qxb5 {Bosboom,M-Kalka,A/BL2-W 9596 (1996) ;BL2 1996/1-0
(46)}) 12. Rfd1 Re8 13. Qc2 b5 14. Rac1 Bd6 15. Bh3 Qb8 16. e3 h6 17. Bf4 Nb6
18. a4 Bc8 19. Bxd6 Qxd6 20. Bg2 Bd7 21. Ne5 b4 22. Ne2 Rac8 23. b3 {Gausel,
E-Jurek,J/Bern op (06) ;TD 94\02 1994/1-0 (41)}) 9. Bxe7 Qxe7 (9... Nxc3 10.
Qxc6+ Nxc6 11. Bxd8 Na4 $14) (9... Nxe7 10. g3 O-O 11. Bg2 Nd7 12. O-O Qc7 13.
b4 a5 14. Qc2 h6 15. Rac1 axb4 16. axb4 Rfc8 17. Rfd1 Qd6 18. Qb2 Nd5 19. Nxd5
cxd5 20. Ne5 f6 21. Nxd7 Qxd7 22. Qb3 Bc6 23. Bh3 f5 24. Re1 {Boensch,
U-Yusupov,A/Altensteig (04) ;CBM 37 1993/0-1 (64)}) 10. Nxd5 exd5 11. e3 O-O
12. Rc1 $1 (12. Bd3 c5) 12... c5 13. dxc5 bxc5 14. Qh4 $5 f6 (14... Qxh4 15.
Nxh4 c4 $8 (15... Rc8 16. Nf5 $16) (15... Nd7 16. Bb5 $16) 16. Nf5 $14) (14...
Qc7 15. Bd3 h6 16. O-O {/\e3-e4; /\b2.b4}) 15. Bd3 g6 16. O-O Nd7 17. Rfe1 $1 {
/\e3-e4.} (17. b4 d4 $36) 17... c4 18. Bc2 Nc5 $6 (18... Ne5 $142 19. Nxe5 Qxe5
20. b3 $14) 19. Qd4 Rfd8 20. Rb1 $1 {/\b2- b3.} Ne6 (20... Ba6 21. b4 cxb3 $8 (
21... Nd3 22. Bxd3 cxd3 23. b5 $18) 22. Bxb3 Nxb3 23. Rxb3 Bc4 24. Rb2 $1 $16)
21. Qc3 Rac8 22. Nd4 Rd6 23. Nxe6 Rxe6 24. Red1 Rb6 25. Rd4 f5 26. Rbd1 Qf6 27.
h4 f4 28. Rxf4 $16 Qxc3 29. bxc3 Rb8 (29... Rb2 30. Ba4 (30. Rc1 Ra2 31. h5 $36
) 30... Ra2 31. Bd7 Rc7 $1 32. Be6+ Kg7 33. Bxd5 Bxd5 34. Rxd5 Rxa3 $132 35.
Rfd4 $14) 30. h5 Rb2 31. Rc1 gxh5 32. Rf5 $1 Bc6 33. Rg5+ $1 Kh8 34. Rxh5 R8b7
35. Rh6 $1 Be8 $8 36. Bf5 R2b3 37. Rd1 $40 Rxc3 38. Rxd5 Kg8 39. Rd8 $18 Kf8
40. Rc8 Rc1+ 41. Kh2 c3 42. Rhc6 $1 1-0

[Event "Bundesliga 0405"]
[Site "Germany"]
[Date "2005.02.13"]
[Round "11.3"]
[White "Handke, Florian"]
[Black "Hansen, Sune Berg"]
[Result "0-1"]
[WhiteElo "2467"]
[BlackElo "2551"]
[Annotator "Mueller,Karsten"]
[PlyCount "148"]
[EventDate "2004.11.12"]
[EventType "team-tourn"]
[EventRounds "15"]
[EventCountry "GER"]
[SourceTitle "CBM 106"]
[Source "ChessBase"]
[SourceDate "2005.06.06"]
[SourceVersion "1"]
[SourceVersionDate "2005.06.06"]
[SourceQuality "1"]
[WhiteTeam "Wattenscheid"]
[BlackTeam "Hamburger SK"]
[WhiteTeamCountry "GER"]
[BlackTeamCountry "GER"]

1. d4 Nf6 2. c4 e6 3. Nf3 b6 4. a3 Ba6 5. Qc2 Bb7 6. Nc3 c5 7. e4 cxd4 8. Nxd4
Bc5 9. Nb3 Nc6 10. Be2 Qb8 11. O-O Nd4 12. Nxd4 Bxd4 13. Bf3 O-O 14. Bd2 a6 15.
Qd3 Be5 16. g3 d6 17. Bg2 Nd7 18. a4 Nc5 19. Qc2 Qc7 20. Rac1 Rac8 21. b3 h6
22. Kh1 Qb8 23. Rce1 Qa8 24. f4 Bf6 25. Re2 Rc7 26. Qb1 Re8 27. Rfe1 Rec8 28.
Nd1 b5 29. axb5 axb5 30. cxb5 d5 31. b6 Rd7 32. e5 Bd8 33. f5 d4 34. fxe6 Nxe6
35. Qf5 d3 36. Bxb7 Qxb7+ 37. Rg2 Rc2 38. Qe4 Bxb6 39. Qxb7 Rxb7 40. b4 Bd4 41.
Ne3 Ra2 42. Nd5 Rb2 43. Nf4 Nxf4 44. gxf4 Rxd2 45. Rxd2 Bc3 46. Red1 Bxd2 47.
Rxd2 Rxb4 48. Rxd3 Rxf4 49. Rd8+ Kh7 50. Rd7 Kg6 51. Kg2 Kh5 52. e6 fxe6 53.
Rxg7 Rf6 54. Kg3 $2 {and the first attempt at stalemate follows. I feel es
folgt ein erster Pattwitz. Mir scheint} (54. Ra7 {is more precise. allerdings
genauer zu sein.}) 54... Rg6+ 55. Kh3 $1 Kg5 56. Rb7 Kf5 57. Kh4 (57. Rb1 e5
58. Rf1+ Ke6 59. Re1 Kd5 60. Rd1+ Kc4 61. Re1 Kd4 62. Rd1+ Kc3 63. Re1 Rg5 64.
Rc1+ Kd2 65. Rc4 Kd3 66. Rc6 e4 67. Rxh6 e3 68. Rd6+ Kc2 69. Re6 Kd2 70. Rd6+
Ke1 71. Kh4 Rg2 72. h3 e2 $19) 57... e5 58. Kh5 Rf6 59. Re7 Ke4 $2 (59... e4
60. Ra7 e3 61. Ra1 e2 62. Re1 Re6 63. Kh4 Kf4 $19) 60. h4 $2 (60. Kg4 Kd4 61.
Ra7 $11) 60... Kd4 $2 (60... Kf4 61. Re6 Kf5 62. Ra6 e4 $19) 61. Ra7 e4 62.
Ra4+ (62. Kg4 $5) 62... Kd3 63. Ra3+ (63. Kg4 $5) 63... Ke2 64. Ra2+ $2 (64.
Kg4 e3 65. Kg3 Rg6+ 66. Kf4 Re6 67. Kg3 Rd6 68. Ra2+ Rd2 69. Ra1 Rd3 70. Kg2
Kd2 71. Kf3 e2+ 72. Kf2 Ra3 73. Rb1 $11) 64... Ke1 $2 (64... Kf1 $142 $19) 65.
Ra1+ $2 (65. Kg4 $1 e3 66. Kg3 Re6 (66... e2 67. Ra1+ Kd2 68. Ra2+ Ke3 69. Ra3+
Ke4 70. Ra4+ Ke5 71. Ra5+ Ke6 72. Ra6+ Kf7 73. Rxf6+ Kxf6 74. Kf2 $11) 67. Ra1+
Kd2 68. Ra2+ Kd3 69. Ra3+ Kc4 70. Ra1 $11) 65... Kf2 66. Ra2+ Kg3 67. Ra6 $5 {
Another try for a stalemate. Ein weiterer Pattwitz} (67. Ra3+ Rf3 68. Ra2 Rf4
69. Ra3+ Kf2 70. Ra2+ Kf3 $19) 67... Rf4 (67... Rxa6 $4 {stalemate patt}) 68.
Ra3+ Kf2 69. Rh3 Rf6 70. Rh2+ Ke1 71. Rh1+ Kd2 72. Ra1 e3 73. Kg4 e2 74. Ra2+
Ke3 0-1

[Event "EU-ch 11th"]
[Site "Rijeka"]
[Date "2010.03.14"]
[Round "8"]
[White "Jobava, Baadur"]
[Black "Almasi, Zoltan"]
[Result "1-0"]
[WhiteElo "2695"]
[BlackElo "2720"]
[Annotator "Mueller,Karsten"]
[PlyCount "105"]
[EventDate "2010.03.06"]
[EventType "swiss"]
[EventRounds "11"]
[EventCountry "CRO"]
[SourceTitle "CBM 136"]
[Source "ChessBase"]
[SourceDate "2010.05.18"]
[SourceVersion "1"]
[SourceVersionDate "2010.05.18"]
[SourceQuality "1"]

1. d4 Nf6 2. c4 e6 3. Nf3 b6 4. a3 Bb7 5. Nc3 d5 6. cxd5 Nxd5 7. Bd2 Nd7 8. Qc2
c5 9. Nxd5 exd5 10. dxc5 Bxc5 11. e3 O-O 12. Bd3 Nf6 13. O-O Ne4 14. Bb4 Qe7
15. Bxc5 bxc5 16. b4 cxb4 17. axb4 Qxb4 18. Rfb1 Qe7 19. Nd4 g6 20. Bxe4 dxe4
21. Qb3 Rfc8 22. h4 Rc7 23. h5 Qg5 24. Qd1 a6 25. Rb6 Bc8 26. Qb1 Bf5 27. h6
Rac8 28. Nxf5 gxf5 29. Qb2 Rd8 30. Rbxa6 Rcd7 31. g3 Qg4 32. Qf6 Rd1+ 33. Rxd1
Qxd1+ 34. Kh2 Qh5+ 35. Qh4 Qxh4+ 36. gxh4 f4 37. exf4 Kf8 38. Kg3 Ke7 39. f5
Rd3+ 40. Kf4 Rf3+ 41. Ke5 Rxf2 42. Ra7+ Ke8 43. Kf6 Kd8 44. Ra4 e3 45. Re4 e2
46. Kg7 Rxf5 47. Rxe2 Rf4 48. Kxh7 Rg4 {[%tqu "En","How did Jobava win?","","",
"e2e5","",2,"h7h8","",0,"De","Wie setzte sich Jobava durch?","","","e2e5","",2,
"h7h8","",0]} 49. Re5 $1 {[%cal Ge5g5]} f6 50. Re6 Kd7 (50... f5 51. Rg6 Ke7 (
51... Rxh4 52. Kg7 $18) 52. Rxg4 fxg4 53. Kg8 g3 54. h7 g2 55. h8=Q g1=Q+ 56.
Qg7+ $18) 51. Rxf6 Ke7 52. Rf5 $5 {Good technique! Gute Technik!} (52. Rg6 $6 {
does also win but is far more complicated: gewinnt zwar ebenfalls, ist aber
viel unübersichtlicher:} Rf4 53. Ra6 Rg4 (53... Kf7 54. Ra7+ Kf6 (54... Kf8 55.
Kg6 Rxh4 56. h7 $18) 55. Kg8 Rg4+ 56. Kf8 Rxh4 57. h7 $18) 54. Ra1 Kf7 55. Rf1+
Ke6 56. Rf2 Rxh4 57. Kg6 Rg4+ 58. Kh5 Rg1 59. h7 Rh1+ 60. Kg6 Rg1+ 61. Kh6 Rh1+
62. Kg7 Rg1+ 63. Kf8 Rh1 64. Rf7 $18) 52... Rxh4 53. Kg6 (53. Kg6 Ke6 54. Rg5
Rf4 55. h7 Rf6+ 56. Kg7 Rf7+ 57. Kg8 $18) 1-0